| 000 | 00577nam a2200205Ia 4500 | ||
|---|---|---|---|
| 999 |
_c949 _d949 |
||
| 020 | _a0-04-497006-4- | ||
| 082 | _a305.40973 WOM; | ||
| 245 | 0 | _aWomen and symbolic interaction | |
| 260 |
_aLondon _bAllen & Unwin _c1987 |
||
| 300 | _axii, 458p. | ||
| 504 | _aIncludes index | ||
| 650 | _aWomen - United States | ||
| 650 | _aWomen - Social conditions - United States | ||
| 650 | _aFeminism - United States | ||
| 650 | _aSocial interaction - United States | ||
| 650 | _aSymbolic interactionism | ||
| 700 | _aDeegan, Mary Jo | ||
| 700 | _aHill, Michael .R. | ||
| 942 | _cBK | ||